| 000 | 01174cab a2200217 4500 | ||
|---|---|---|---|
| 001 | WB4046-04 | ||
| 008 | 041202n2004 000 0 eng u | ||
| 035 | _a(Sirsi) u128174 | ||
| 245 | _aRents rising fast | ||
| 260 | _c2004 | ||
| 490 |
_aRICS Press Release _v(pr104) 3 December 2004 (2) |
||
| 520 | _aRents are rising at their fastest rate for over three years according to the latest "RICS residential lettings survey: Great Britain". The survey covers the last three months to end of October 2004. The rent increases are due to rising tenant demand which is outpacing newly available rental properties in the market. The rise in demand is a result of interest rate rises. Potential buyers are opting to rent, rather than take a risk on the currently uncertain housing market. There has also been a slowdown in rented property available as the buy-to-let boom tails off. http://www.rics.org | ||
| 590 | _aWB | ||
| 650 | _aRICS RESIDENTIAL LETTINGS SURVEY | ||
| 650 | _aLETTINGS MARKET SURVEY | ||
| 650 | _aBUY-TO-LET | ||
| 650 | _aRENTAL SECTOR | ||
| 650 | _aRENTAL PRICES | ||
| 690 | _aPROPERTY-RESIDENTIAL PROPERTY-RESIDENTIAL PROPERTY MARKET | ||
| 942 | _n0 | ||
| 999 |
_c74642 _d74642 |
||